[Event "23rd Hoogeveen Open 2019"]
[Site "Hoogeveen"]
[Date "2019.10.21"]
[Round "3.17"]
[White "Wiersma, Eelke"]
[Black "Faber, Hugo"]
[Result "1-0"]
[WhiteElo "2321"]
[BlackElo "2077"]
[Annotator "TA"]
[PlyCount "109"]
[EventDate "2019.10.19"]
[EventType "swiss"]
[EventCountry "NED"]
[SourceTitle "playchess.com"]
[Source "ChessBase"]
[SourceQuality "1"]

{[%evp 25,109,33,33,16,16,20,11,11,17,17,28,26,45,41,58,60,55,58,68,54,62,67,66,72,75,50,83,68,62,59,63,65,67,66,82,64,85,45,45,47,97,97,100,98,120,96,104,97,146,91,131,88,135,106,89,113,160,159,159,160,160,160,160,160,170,170,120,110,110,110,110,110,110,110,170,170,170,170,29983,29984,29986,29987,29986,34,34,34]} 1. e4 e6 2. d4 d5 3. Nd2 c5 4. exd5 Qxd5 5. Ngf3 cxd4 6. Bc4 Qd6 7. O-O Nf6 8. Nb3 Nc6 9. Nbxd4 Nxd4 10. Nxd4 a6 11. Re1 Be7 12. c3 O-O 13. Qf3 Qc7 14. Bb3 {C07: French Tarrasch: 3...c5, 4 Ngf3 and 4 exd5 Qxd5} Bd6 15. h3 e5 16. Nc2 {The position is equal.} e4 17. Qe2 {[#]} h6 $146 ({Predecessor:} 17... Qc5 18. Nd4 Re8 19. Be3 Qe5 20. f4 exf3 21. Nxf3 {½-½ (63) Akopian,V (2654)-Vaisser,A (2540) Ohrid 2001}) 18. Be3 Be5 19. Rad1 Bf5 20. Qc4 Qxc4 21. Bxc4 Rac8 22. Bb3 Rfd8 23. Bb6 Rd6 24. Rxd6 Bxd6 25. Bd4 Re8 26. Bxf6 gxf6 27. Bd5 Re7 28. Ne3 Bg6 29. g4 Bc5 30. Kg2 Kg7 31. Nf5+ Bxf5 $1 32. gxf5 $14 {[%mdl 4096] Endgame KRB-KRB} e3 33. fxe3 b5 34. e4 a5 35. a3 Rc7 36. Kf3 Bd6 37. Rd1 (37. Kg4 $142) 37... Be5 38. Rd2 Rc8 39. Bb7 Rc7 40. Ba6 Rc5 41. Rd5 Rxd5 42. exd5 $16 {KB-KB} b4 43. cxb4 axb4 44. axb4 Bxb2 45. d6 {White threatens d7 and mate.} Kf8 46. b5 {Black must now prevent Ke4.} Be5 47. d7 Ke7 48. Bc8 $1 Bc7 49. Kg4 {Kh5 is the strong threat.} Bb6 (49... Kf8 $16 50. Kh5 Kg7) 50. Kh5 $1 $18 {[%cal Rh5h6]} Be3 {[#]} 51. h4 $1 Kd8 $2 {[#]} (51... Bf2 $18 52. b6 (52. Kxh6 Bxh4 53. b6 Bf2 $16) 52... Bxb6) 52. b6 $1 {[%cal Rb6b7][%mdl 576] Deflection} Bxb6 53. Kxh6 Be3+ 54. Kh5 $2 (54. Kg7 {mates} Bd2 55. h5 Bb4 56. h6 Kc7 57. Kxf7 Ba5 58. h7 Kd6 59. h8=Q) 54... Kc7 55. Kg4 {Accuracy: White = 68%, Black = 39%.} 1-0

[Event "23rd Hoogeveen Open 2019"]
[Site "Hoogeveen"]
[Date "2019.10.21"]
[Round "3.18"]
[White "Noordenbos, Daan"]
[Black "Elgersma, Onno"]
[Result "0-1"]
[WhiteElo "2133"]
[BlackElo "2306"]
[Annotator "TA"]
[PlyCount "76"]
[EventDate "2019.10.19"]
[EventType "swiss"]
[EventCountry "NED"]
[SourceTitle "playchess.com"]
[Source "ChessBase"]
[SourceQuality "1"]

{[%evp 9,76,25,28,5,20,19,24,-45,-38,-49,-46,-49,-42,-50,-40,-66,-60,-102,-59,-73,-52,-70,-35,-37,-18,-10,-10,-55,-24,-125,-136,-338,-341,-362,-365,-473,-469,-439,-440,-490,-470,-508,-437,-496,-412,-642,-637,-618,-581,-560,-522,-505,-487,-743,-678,-1022,-629,-623,-594,-587,-585,-560,-536,-941,-906,-932,-847,-12836,-12835]} 1. e4 c6 2. d4 d5 3. e5 Bf5 4. Nc3 a6 5. g4 Bd7 6. Bd3 {B12: Caro-Kann: Advance Variation} (6. Be3 e6 7. f4 Qc7 8. Nf3 h5 9. gxh5 c5 10. h4 Ne7 11. Bd3 cxd4 12. Nxd4 Nec6 {1-0 (56) Caruana,F (2819)-Mamedyarov,S (2765) Paris 2019}) 6... c5 7. dxc5 e6 $146 ({Predecessor:} 7... Nc6 8. f4 e6 9. Nf3 Bxc5 10. a3 Rc8 11. Ne2 f6 12. Rf1 fxe5 13. fxe5 {0-1 (35) Vujanovic,A (2169)-Raffaele,E (2219) IECC email 1999}) 8. Qe2 ({White should play} 8. Be3 $1 $11) 8... Nc6 $15 9. Nf3 Bxc5 10. Bd2 b5 {[%cal Bb7b5,Bb5b4][%mdl 32]} 11. a4 b4 12. Nd1 Qb6 13. Ne3 Nge7 14. Ng2 Ng6 15. O-O O-O 16. Nf4 Nxf4 17. Bxf4 f6 18. Kg2 Rae8 19. b3 {[#]} (19. c3 $11) 19... fxe5 $1 $17 20. Bxe5 $2 {[#]} (20. Nxe5 $17 Rxf4 21. Nxd7) 20... Rxf3 $1 $19 {[%mdl 512]} 21. Kxf3 (21. Qxf3 Nxe5) 21... Bd4 22. Kg2 {Bxd4 is the strong threat.} Nxe5 ({Less strong is} 22... Bxe5 23. Rad1 $19) 23. Rad1 Nxd3 24. Qxd3 Bc3 25. f4 Bc6 26. Rf2 Bb7 27. Kg3 (27. h4 $142) 27... e5 {Black is clearly winning.} 28. fxe5 Bxe5+ 29. Kg2 Qe6 {aiming for ...d4+.} 30. Re1 {intending Rf5.} Qxg4+ 31. Qg3 (31. Kf1 $142 g6 32. Qf3) 31... d4+ 32. Kg1 Qe6 33. Rfe2 Bxg3 {[%mdl 64] Discovered Attack} 34. Rxe6 Rxe6 35. Rxe6 Bf4 36. Re7 Bf3 37. Re6 Bd1 38. Rxa6 Bxc2 {Accuracy: White = 25%, Black = 69%.} 0-1

[Event "23rd Hoogeveen Open 2019"]
[Site "Hoogeveen"]
[Date "2019.10.21"]
[Round "3.19"]
[White "Kirchei, Viktoriia"]
[Black "Grooten, Herman"]
[Result "1-0"]
[WhiteElo "2051"]
[BlackElo "2274"]
[Annotator "RC"]
[PlyCount "79"]
[EventDate "2019.10.19"]
[EventType "swiss"]
[EventCountry "NED"]
[SourceTitle "playchess.com"]
[Source "ChessBase"]
[SourceQuality "1"]
[TimeControl "40/5400+30:1800+30"]

1. e4 {[%emt 0:00:00]} c5 {[%emt 0:03:38]} 2. Nf3 {[%emt 0:00:00]} e6 {[%emt 0:00:06]} 3. d4 {[%emt 0:00:00]} cxd4 {[%emt 0:00:04]} 4. Nxd4 {[%emt 0:00:00]} a6 {[%emt 0:00:08]} 5. Bd3 {[%emt 0:00:00]} Nf6 {[%emt 0:00:16]} 6. O-O {[%emt 0:00:21]} Qc7 {[%emt 0:00:11]} 7. Qe2 {[%emt 0:01:04]} d6 {[%emt 0:00:31]} 8. c4 {[%emt 0:01:06]} g6 {[%emt 0:01:09]} 9. Nc3 {[%emt 0:12:38]} Bg7 {[%emt 0:00:56]} 10. Be3 {[%emt 0:02:26]} Nbd7 {[%emt 0:01:38]} 11. f4 {[%emt 0:02:28]} O-O {[%emt 0:00:38]} 12. a4 {[%emt 0:01:07]} Nc5 {[%emt 0:04:12]} 13. Bc2 {[%emt 0:00:55]} e5 {[%emt 0:03:35]} 14. fxe5 {[%emt 0:08:07]} dxe5 {[%emt 0:00:34]} 15. Nf3 {[%emt 0:01:17]} Ne6 {[%emt 0:06:06]} 16. Nd2 {[%emt 0:10:30]} Nf4 {[%emt 0:12:02]} 17. Qf3 {[%emt 0:05:10]} Ng4 {[%emt 0:07:32]} 18. g3 {[%emt 0:06:59]} Nxe3 {[%emt 0:02:01]} 19. Qxe3 {[%emt 0:00:05]} Ne6 {[%emt 0:00:25]} 20. Nd5 {[%emt 0:00:51]} Qd8 {[%emt 0:01:27]} 21. Nf3 {[%emt 0:01:17]} Nd4 {[%emt 0:03:21]} 22. Nxd4 {[%emt 0:00:29]} exd4 {[%emt 0:00:06]} 23. Qf4 {[%emt 0:00:19]} Be6 {[%emt 0:07:35]} 24. a5 {[%emt 0:09:29]} d3 {[%emt 0:11:36]} 25. Bxd3 {[%emt 0:00:14]} Bxb2 {[%emt 0:00:12]} 26. Ra2 {[%emt 0:00:45]} Bd4+ {[%emt 0:00:43]} 27. Kh1 {[%emt 0:00:24]} Rc8 {[%emt 0:01:16]} 28. Rb1 {[%emt 0:01:33]} Qd7 {[%emt 0:01:53]} 29. Be2 {[%emt 0:07:44]} Bxd5 {[%emt 0:13:16]} 30. exd5 {[%emt 0:00:12]} Bg7 {[%emt 0:01:33]} 31. Bg4 {[%emt 0:03:43]} f5 {[%emt 0:00:23]} 32. Bf3 {[%emt 0:00:26]} Rc5 {[%emt 0:04:28]} 33. Re2 {[%emt 0:07:09]} Rxa5 {[%emt 0:00:50]} 34. d6 {[%emt 0:00:13]} Re8 {[%emt 0:01:48]} 35. Bd5+ {[%emt 0:02:46]} Kh8 {[%emt 0:05:26]} 36. Rxe8+ {[%emt 0:00:54]} Qxe8 {[%emt 0:00:04]} 37. d7 {[%emt 0:00:06]} Qf8 {[%emt 0:01:48]} 38. Qc7 {[%emt 0:00:50]} Rxd5 {[%emt 0:01:10]} 39. cxd5 {[%emt 0:00:05]} Bf6 {[%emt 0:00:03]} 40. Re1 {[%emt 0:01:22]} 1-0

[Event "23rd Hoogeveen Open 2019"]
[Site "Hoogeveen"]
[Date "2019.10.21"]
[Round "3.20"]
[White "Van Dael, Siem"]
[Black "Emans, Job"]
[Result "1-0"]
[WhiteElo "2273"]
[BlackElo "2028"]
[Annotator "RC"]
[PlyCount "87"]
[EventDate "2019.10.19"]
[EventType "swiss"]
[EventCountry "NED"]
[SourceTitle "playchess.com"]
[Source "ChessBase"]
[SourceQuality "1"]
[TimeControl "40/5400+30:1800+30"]

1. e4 {[%emt 0:00:00]} e5 {[%emt 0:00:00]} 2. Nf3 {[%emt 0:00:00]} Nc6 {[%emt 0:00:00]} 3. Bc4 {[%emt 0:00:00]} Bc5 {[%emt 0:00:00]} 4. c3 {[%emt 0:00:00]} Nf6 {[%emt 0:00:01]} 5. d3 {[%emt 0:00:00]} d6 {[%emt 0:00:09]} 6. a4 {[%emt 0:00:00]} a5 {[%emt 0:00:20]} 7. O-O {[%emt 0:00:02]} O-O {[%emt 0:00:16]} 8. Na3 {[%emt 0:00:20]} Be6 {[%emt 0:25:49]} 9. Bxe6 {[%emt 0:01:14]} fxe6 {[%emt 0:00:07]} 10. Nc4 {[%emt 0:00:15]} Ba7 {[%emt 0:01:28]} 11. h3 {[%emt 0:01:52]} Qd7 {[%emt 0:02:13]} 12. Re1 {[%emt 0:00:20]} Nh5 {[%emt 0:10:19]} 13. d4 {[%emt 0:02:18]} exd4 {[%emt 0:00:54]} 14. cxd4 {[%emt 0:00:07]} Qf7 {[%emt 0:03:37]} 15. Be3 {[%emt 0:03:38]} h6 {[%emt 0:07:25]} 16. Ra3 {[%emt 0:13:53]} Nf4 {[%emt 0:04:50]} 17. Bxf4 {[%emt 0:26:24]} Qxf4 {[%emt 0:00:22]} 18. Rd3 {[%emt 0:00:05]} Rae8 {[%emt 0:06:45]} 19. Rd2 {[%emt 0:09:21]} Re7 {[%emt 0:06:54]} 20. Na3 {[%emt 0:10:17]} e5 {[%emt 0:07:22]} 21. d5 {[%emt 0:14:29]} Nd4 {[%emt 0:04:50]} 22. Rd3 {[%emt 0:00:06]} Ref7 {[%emt 0:01:54]} 23. Nb5 {[%emt 0:04:10]} Nxb5 {[%emt 0:01:30]} 24. axb5 {[%emt 0:00:05]} g5 {[%emt 0:01:02]} 25. Qd2 {[%emt 0:01:04]} Qg3 {[%emt 0:05:55]} 26. Kf1 {[%emt 0:01:05]} Rxf3 {[%emt 0:05:23]} 27. gxf3 {[%emt 0:00:05]} Rxf3 {[%emt 0:00:07]} 28. Rxf3 {[%emt 0:00:03]} Qxf3 {[%emt 0:00:07]} 29. Rc1 {[%emt 0:01:12]} Qh1+ {[%emt 0:00:20]} 30. Ke2 {[%emt 0:00:06]} Qxe4+ {[%emt 0:00:06]} 31. Kd1 {[%emt 0:00:25]} Bb6 {[%emt 0:01:50]} 32. Rc3 {[%emt 0:00:49]} Qb1+ {[%emt 0:02:48]} 33. Qc1 {[%emt 0:00:04]} Qxc1+ {[%emt 0:00:21]} 34. Kxc1 {[%emt 0:00:22]} Kg7 {[%emt 0:00:30]} 35. Kd2 {[%emt 0:00:11]} Bc5 {[%emt 0:00:30]} 36. Kd3 {[%emt 0:00:38]} Kf6 {[%emt 0:00:45]} 37. Ke4 {[%emt 0:00:04]} Kg6 {[%emt 0:00:31]} 38. Rf3 {[%emt 0:00:05]} Bb6 {[%emt 0:00:51]} 39. Rf8 {[%emt 0:00:08]} Bd4 {[%emt 0:00:28]} 40. b3 {[%emt 0:00:07]} Bc5 {[%emt 0:00:36]} 41. f3 {[%emt 0:30:19]} h5 {[%emt 0:12:27]} 42. Re8 {[%emt 0:00:00]} g4 {[%emt 0:02:16]} 43. fxg4 {[%emt 0:00:00]} hxg4 {[%emt 0:03:11]} 44. Rg8+ {[%emt 0:00:00]} 1-0

[Event "23rd Hoogeveen Open 2019"]
[Site "Hoogeveen"]
[Date "2019.10.21"]
[Round "3.21"]
[White "Djukic, Sandra"]
[Black "Dev, Shah"]
[Result "1/2-1/2"]
[WhiteElo "2179"]
[BlackElo "2025"]
[Annotator "TA"]
[PlyCount "235"]
[EventDate "2019.10.19"]
[EventType "swiss"]
[EventCountry "NED"]
[SourceTitle "playchess.com"]
[Source "ChessBase"]
[SourceQuality "1"]

{[%evp 12,235,18,25,20,18,19,21,29,19,22,12,24,0,0,0,0,0,0,-20,4,19,16,0,28,-10,101,97,73,39,30,-46,-16,-31,-5,-10,-3,-32,-22,-25,0,0,0,0,0,0,86,0,30,-124,-131,-139,-138,-136,-155,-135,-135,-119,-86,-119,-95,-87,-87,-92,-94,-112,-99,-98,-91,-102,-98,-85,-25,-79,-79,-89,-81,-94,-62,-77,-81,-104,-93,-100,-91,-82,-98,-172,-161,-174,-176,-218,-218,-262,-260,-250,-257,-284,-285,-286,-281,-287,-279,-226,-136,-132,-123,-125,-125,-132,-127,-156,-127,-181,-95,-182,-96,-220,-220,-291,-182,-233,-182,-208,-129,-222,-133,-182,-182,-203,-137,-141,-122,-151,-143,-177,-139,-177,-138,-162,-102,-104,-106,-110,-102,-237,-113,-113,-120,-119,-74,-83,-71,-87,-76,-145,-70,-71,-70,-70,-70,-70,-70,-70,-70,-70,-70,-70,-71,-71,-70,-70,-8,-70,-8,-70,-70,-70,-70,-70,-70,-70,-70,-70,-70,-70,-70,-70,-70,-70,-70,-70,-70,-70,-70,-70,-70,-70,-70,-70,-70,-70,-70,-70,-70,-70,-70,-70,-70,-70,-70,-70,-70,-70,-70,-70,-70,-70,-70,-70,-70,-70,-70,-70,-8,-8]} 1. d4 d5 2. c4 c6 3. Nf3 Nf6 4. e3 e6 5. b3 Nbd7 6. Bd3 ({Predecessor:} 6. Bb2 b6 7. Bd3 Bb7 8. O-O Bd6 9. Nbd2 {0-1 (78) Coleman,T (2379)-Michiels,B (2515) Pardubice 2012}) 6... Bd6 7. Bb2 O-O {A06: Réti Opening:1 Nf3 d5} 8. O-O b6 9. Nbd2 {[%cal Bb1d2,Bd2c4,Bc4e3][%mdl 32]} Bb7 10. Ne5 $146 (10. Qe2 Re8 11. Rac1 Qc7 12. Rfd1 Rad8 13. Nf1 Ne4 14. Ng3 Ndf6 15. Ne5 c5 16. a3 {½-½ (16) Wang,H (2737)-Korobov,A (2687) Poikovsky 2019}) 10... c5 11. cxd5 Bxd5 12. Qe2 cxd4 13. exd4 Rc8 14. Ndc4 Be7 15. Rad1 Rc7 16. f4 g6 17. Ne3 Bb7 18. Bb5 Nb8 (18... Nxe5 $1 $11 {remains equal.} 19. fxe5 (19. dxe5 Nd5 $11) 19... Nd5) 19. d5 $16 Nxd5 20. Nxd5 (20. f5 {with more complications.} exf5 21. Nxf5 gxf5 22. Bc4 f6 23. Rxf5 Qe8 24. Bxd5+ Bxd5 25. Rxd5 Bc5+ 26. Kh1) 20... Bxd5 21. Bc4 (21. Ng4 $11 f6 22. Kh1) 21... Bxc4 $1 $15 22. Nxc4 Bc5+ 23. Kh1 Qe7 24. Ne5 {aiming for Ng4.} f6 25. Ng4 h5 26. Nf2 $1 Bxf2 27. Rxf2 Kf7 28. Re1 Rd8 (28... Rfc8 $11 {keeps the balance.}) 29. h3 (29. g4 $1 $16) 29... Qd7 30. Qf3 $2 (30. Qe3 $11 Rcc8 31. Rfe2) 30... Qd3 $17 31. Re3 Qd1+ 32. Qxd1 Rxd1+ 33. Kh2 Rcd7 34. Rfe2 R7d6 35. g4 hxg4 36. hxg4 R1d3 37. Rxd3 Rxd3 {[%mdl 4096] Endgame KRB-KRN} 38. Kg2 Nd7 39. Rc2 e5 40. f5 gxf5 41. gxf5 e4 (41... Ke7 $17 {Strongly threatening ...Kd6.} 42. Ba3+ Kd8) 42. Re2 (42. Rc7 $11) 42... Rd5 43. Kg3 Rxf5 44. Rxe4 Rd5 45. Bd4 Nf8 46. Kf2 Ne6 47. Be3 f5 48. Rh4 Kf6 49. Ra4 (49. Ke2 $17 {was worth a try.}) 49... Rd7 $19 50. Kf3 Ke5 51. Rh4 Rc7 52. Ra4 Rc3 {And now ...b5 would win.} 53. Ke2 f4 $1 {[%cal Rf4e3]} 54. Bf2 Rc2+ 55. Ke1 Rc7 56. Rb4 Kf5 57. a4 Kg4 58. a5 bxa5 59. Rb5 a6 60. Rxa5 Rc6 61. b4 Nc7 62. Rc5 (62. Ke2 $17) 62... Re6+ ({Better is} 62... Rxc5 $19 63. Bxc5 Kf3) 63. Kd2 (63. Kf1 $17 Nb5 64. Kg2) 63... Nb5 (63... Kf3 $19 64. Bd4 Rd6 65. Rc3+ Ke4 66. Rxc7 Rxd4+ 67. Ke2 Rxb4 68. Re7+ Kf5 69. Rf7+ Ke5) 64. Kd3 (64. Rc8 $17) 64... Kf3 $1 {[%cal Rf3f2]} 65. Bh4 Rd6+ 66. Kc4 (66. Kc2 $142) 66... Rd4+ 67. Kb3 Kg4 68. Bf6 (68. Bf2 $17 Rd2 69. Bg1) 68... Rd6 (68... Rd3+ $19 69. Kc2 Re3 70. Rg5+ Kf3) 69. Rg5+ Kf3 70. Be7 Re6 71. Bc5 Ke4 72. Ka4 f3 73. Ka5 Rf6 74. Rg7 Kd3 {Threatens to win with ...Nd4.} ({And not} 74... f2 75. Bxf2 $1 {[%mdl 512]} Rxf2 76. Kxa6 $11) 75. Rd7+ Kc4 (75... Kc2 $19 76. Re7 Kd3 77. Rd7+ Ke2 78. Re7+ Kd2 79. Rd7+ Ke2 80. Re7+ Kd3 81. Rd7+) 76. Bb6 $17 Na3 77. Rd1 Nc2 78. Kxa6 {[#]} (78. Bf2 $17) 78... Nxb4+ (78... Ne3 $1 $19 {[%cal Re3d1] has better winning chances.} 79. Rc1+ Kxb4) 79. Kb7 Rf7+ 80. Kc8 Nd3 81. Kd8 Kc3 {...Kc2 is the strong threat.} 82. Be3 Rf5 83. Kd7 {[#]} ({White should try} 83. Bg1) 83... Re5 (83... Rd5+ $1 $17 84. Kc7 Nb4) 84. Bb6 Rd5+ 85. Ke7 Kc2 86. Rf1 Rf5 87. Ke6 Rf8 88. Ke7 Rf4 89. Ke6 Kd2 90. Ra1 Re4+ 91. Kf5 Re2 ({Black should play} 91... Rc4 $1 $15) 92. Ra2+ (92. Ba5+ $11 Kc2 93. Bb6) 92... Kc3 (92... Kd1 $15 93. Ra3 Kc2) 93. Ra3+ (93. Ba5+ $11 Kd4 94. Rxe2 fxe2 95. Bd2) 93... Kc2 94. Bd4 f2 {[#]} 95. Bxf2 $1 {[%mdl 512]} Rxf2+ $15 {KRN-KR} (95... Nxf2 96. Ra2+) 96. Ke4 Re2+ 97. Kd4 Nb2 98. Rc3+ Kb1 99. Re3 Rd2+ 100. Kc3 Rd8 {( -> ...Nd1+)} 101. Re2 Rd3+ 102. Kb4 Ka2 103. Rh2 Rb3+ 104. Kc5 Ka3 105. Rh8 Na4+ 106. Kd4 Rb4+ 107. Kd3 Kb3 108. Rc8 Rb7 109. Rc6 Rd7+ 110. Ke3 Nc3 111. Rc8 Re7+ 112. Kd3 Nd5 113. Kd4 Nb4 114. Rc3+ Ka4 115. Rc8 Re6 116. Ra8+ Kb5 117. Rb8+ Rb6 (117... Ka5 $1 $15) 118. Rxb6+ {Accuracy: White = 38%, Black = 61%.} 1/2-1/2

[Event "23rd Hoogeveen Open 2019"]
[Site "Hoogeveen"]
[Date "2019.10.21"]
[Round "3.22"]
[White "Labruyere, Roger"]
[Black "Blagojevic, Tijana"]
[Result "0-1"]
[WhiteElo "1932"]
[BlackElo "2151"]
[Annotator "RC"]
[PlyCount "72"]
[EventDate "2019.10.19"]
[EventType "swiss"]
[EventCountry "NED"]
[SourceTitle "playchess.com"]
[Source "ChessBase"]
[SourceQuality "1"]
[TimeControl "40/5400+30:1800+30"]

1. d4 {[%emt 0:00:00]} d5 {[%emt 0:00:00]} 2. c4 {[%emt 0:00:00]} c6 {[%emt 0:00:00]} 3. Nf3 {[%emt 0:00:00]} Nf6 {[%emt 0:00:00]} 4. g3 {[%emt 0:00:09]} dxc4 {[%emt 0:00:00]} 5. Bg2 {[%emt 0:01:45]} b5 {[%emt 0:01:08]} 6. Ne5 {[%emt 0:03:09]} Bb7 {[%emt 0:00:41]} 7. a4 {[%emt 0:03:40]} a6 {[%emt 0:02:53]} 8. Nc3 {[%emt 0:10:39]} e6 {[%emt 0:00:44]} 9. O-O {[%emt 0:00:34]} Nd5 {[%emt 0:01:37]} 10. e4 {[%emt 0:03:51]} Nxc3 {[%emt 0:00:52]} 11. bxc3 {[%emt 0:00:05]} Nd7 {[%emt 0:06:57]} 12. f4 {[%emt 0:03:54]} Qc7 {[%emt 0:12:05]} 13. Qh5 {[%emt 0:07:47]} Nf6 {[%emt 0:07:52]} 14. Qe2 {[%emt 0:01:16]} Be7 {[%emt 0:04:09]} 15. g4 {[%emt 0:05:40]} Nd7 {[%emt 0:03:43]} 16. g5 {[%emt 0:06:13]} g6 {[%emt 0:07:47]} 17. Ng4 {[%emt 0:01:25]} O-O-O {[%emt 0:01:06]} 18. Nf2 {[%emt 0:07:19]} h6 {[%emt 0:02:23]} 19. e5 {[%emt 0:06:35]} hxg5 {[%emt 0:06:29]} 20. fxg5 {[%emt 0:00:08]} f5 {[%emt 0:01:16]} 21. gxf6 {[%emt 0:04:32]} Nxf6 {[%emt 0:00:35]} 22. Ng4 {[%emt 0:00:35]} Nd5 {[%emt 0:00:57]} 23. Bxd5 {[%emt 0:03:47]} Rxd5 {[%emt 0:00:43]} 24. Ne3 {[%emt 0:05:56]} Rdd8 {[%emt 0:03:22]} 25. Qg4 {[%emt 0:00:11]} Qd7 {[%emt 0:00:48]} 26. Bb2 {[%emt 0:04:54]} Rh5 {[%emt 0:03:35]} 27. Ng2 {[%emt 0:04:11]} c5 {[%emt 0:01:18]} 28. Rf2 {[%emt 0:03:52]} cxd4 {[%emt 0:02:13]} 29. cxd4 {[%emt 0:00:04]} b4 {[%emt 0:00:46]} 30. Qxg6 {[%emt 0:02:33]} Rg5 {[%emt 0:00:22]} 31. Qc2 {[%emt 0:00:35]} Rdg8 {[%emt 0:00:39]} 32. Qxc4+ {[%emt 0:00:45]} Kb8 {[%emt 0:00:11]} 33. Bc1 {[%emt 0:04:31]} Rxg2+ {[%emt 0:00:24]} 34. Kf1 {[%emt 0:00:43]} Rg1+ {[%emt 0:00:53]} 35. Ke2 {[%emt 0:00:06]} Rc8 {[%emt 0:00:09]} 36. Qd3 {[%emt 0:00:22]} Rgxc1 {[%emt 0:00:14]} 0-1

[Event "23rd Hoogeveen Open 2019"]
[Site "Hoogeveen"]
[Date "2019.10.21"]
[Round "3.23"]
[White "Giacomini, Hector"]
[Black "Klaren, Duncan"]
[Result "1-0"]
[WhiteElo "2145"]
[BlackElo "1923"]
[Annotator "TA"]
[PlyCount "41"]
[EventDate "2019.10.19"]
[EventType "swiss"]
[EventCountry "NED"]
[SourceTitle "playchess.com"]
[Source "ChessBase"]
[SourceQuality "1"]

{[%evp 16,41,8,0,37,38,52,58,150,143,161,162,417,406,462,471,686,687,939,756,847,778,1120,1129,1119,1095,1450,1437]} 1. Nf3 Nf6 2. e3 e6 3. d4 b6 4. Bd3 Bb7 5. O-O d5 6. b3 Bd6 7. Bb2 O-O 8. c4 Nbd7 9. Nc3 {[%cal Bb1c3,Bc3b5,Bb5c7,Bc7a8][%mdl 32]} Qe7 {E14: Queen's Indian: Classical Variation (4 e3)} (9... a6 10. Re1 Re8 11. e4 dxe4 12. Nxe4 Nxe4 13. Bxe4 Bxe4 14. Rxe4 Nf6 15. Re3 c5 16. Rd3 Qe7 17. Qe2 cxd4 18. Nxd4 {½-½ (65) Cori,J (2686)-Leko,P (2674) Biel 2019}) 10. Nb5 $146 ({Predecessor:} 10. cxd5 exd5 11. Nb5 Ne4 12. Rc1 Ndf6 13. Nxd6 cxd6 14. Qe2 Rac8 15. Nh4 g6 16. g3 Rfe8 17. Ng2 {½-½ (30) Holm Pedersen,S-Plachetka,J Kapfenberg 1970}) 10... Ne4 11. Rc1 f5 (11... dxc4 $14 12. Rxc4 (12. Bxc4 Rad8 $14) (12. bxc4 f5 $11) (12. Nxd6 Nxd6 13. bxc4 c5 $11) 12... Bd5) 12. cxd5 $16 exd5 13. Nxc7 Rf6 $2 (13... Rac8) 14. Nxa8 $18 Rh6 {( -> ...Bxh2+!)} 15. g3 {White is clearly winning.} (15. Nc7 {[#] leads to mate.} Bxh2+ $1 {[%mdl 512]} 16. Kh1 Ng3+ $1 {[%mdl 512]} 17. fxg3 Bxg3+ 18. Nh2 Rxh2+ 19. Kg1 Qxe3+ 20. Rf2 Qxf2#) 15... g5 (15... Nf8 $142 16. Nxb6 axb6) 16. Ne5 g4 17. f3 Ng5 18. Bxf5 Nh3+ 19. Kg2 Nxe5 20. dxe5 gxf3+ 21. Rxf3 1-0

[Event "23rd Hoogeveen Open 2019"]
[Site "Hoogeveen"]
[Date "2019.10.21"]
[Round "3.24"]
[White "De Winter, Arthur"]
[Black "De Boer, Bas"]
[Result "1/2-1/2"]
[WhiteElo "1896"]
[BlackElo "2142"]
[Annotator "TA"]
[PlyCount "74"]
[EventDate "2019.10.19"]
[EventType "swiss"]
[EventCountry "NED"]
[SourceTitle "playchess.com"]
[Source "ChessBase"]
[SourceQuality "1"]

{[%evp 13,74,8,20,14,33,0,0,0,0,0,86,22,17,-4,33,-21,0,0,9,8,11,12,7,7,20,11,23,18,16,18,12,10,14,10,10,10,10,8,0,7,0,2,7,0,0,0,0,-16,0,0,0,0,0,0,0,0,0,0,0,0,0,0,0]} 1. e4 e5 2. Nf3 Nf6 3. Nxe5 d6 4. Nf3 Nxe4 5. Nc3 Nxc3 6. dxc3 Be7 7. Be3 O-O 8. Qd2 {C42: Petroff Defence: 3 Nxe5 and unusual White 3rd moves} c5 (8... Nd7 9. O-O-O Nf6 10. Bd3 Re8 11. Rhe1 Bg4 12. Qe2 a6 13. h3 Bd7 14. g4 Bf8 15. Qf1 g6 {½-½ (30) Vachier Lagrave,M (2774)-Yu,Y (2763) Khanty-Mansiysk 2019}) 9. Bc4 Nd7 10. O-O $146 ({Predecessor:} 10. O-O-O Nb6 11. Bd3 d5 12. Kb1 Bd6 13. Bf4 c4 14. Be2 Be6 15. Rhe1 Rc8 {0-1 (28) Laine,E (2066)-Sievilainen,T (2137) ICCF email 2009}) 10... Nf6 11. Rad1 Qa5 (11... a6 $11) 12. a3 (12. Rfe1 $16) 12... b5 $11 13. Be2 Bb7 14. Bf4 (14. c4 $14 Qxd2 15. Nxd2) 14... Rfe8 15. c4 Qxd2 16. Nxd2 bxc4 17. Nxc4 Ba6 {[#] ...d5 is the strong threat.} 18. Rfe1 Bf8 {aiming for ...Rxe2!} 19. Bf1 Rxe1 20. Rxe1 d5 {The position is equal.} 21. Ne3 Bc8 22. Be5 Be6 23. Bxf6 gxf6 24. Rd1 Rd8 25. Bd3 Rb8 26. b3 c4 27. bxc4 dxc4 28. Bxc4 Bxa3 29. Bxe6 fxe6 {[%mdl 4096] Endgame KRB-KRN} 30. Kf1 Bc5 31. Ke2 a5 32. Ra1 Bb4 33. Nd1 Ra8 34. Ra4 Rc8 35. c3 Bxc3 36. Nxc3 Rxc3 37. Rxa5 Kf7 {Accuracy: White = 64%, Black = 68%.} 1/2-1/2